Japanese politics : An introductory survey

Zapisane w:
Opis bibliograficzny
1. autor: Ike, Nobutaka
Format: Książka
Język:Undetermined
Wydane: New York Alfred A. Knopf 1957
Hasła przedmiotowe:
Etykiety: Dodaj etykietę
Nie ma etykietki, Dołącz pierwszą etykiete!
Thư viện lưu trữ: Trung tâm Học liệu Trường Đại học Cần Thơ
LEADER 00501nam a2200193Ia 4500
001 CTU_107370
008 210402s9999 xx 000 0 und d
082 |a 952.04 
082 |b I.300 
100 |a Ike, Nobutaka 
245 0 |a Japanese politics : 
245 3 |b An introductory survey 
245 0 |c Nobutaka Ike 
260 |a New York 
260 |b Alfred A. Knopf 
260 |c 1957 
650 |a Japanese politics 
904 |i Nguyên 
980 |a Trung tâm Học liệu Trường Đại học Cần Thơ